Šarkan Najlepšie osemsmerovky a iné maškrty

Bibliographic Details
Format: Journal
Language:Slovak
PhysicalDescription:19 zv. 21 cm
Published: Martin Parla 1999-2011, 9/2015-2022
ISSN:1336-636X
Subjects:

MARC

LEADER 00000cas a2200000 a 4500
001 vtls009182811
003 SK-MaSNL
005 20260228161126.0
008 080211d19992022xo mr|p 0 b0slo
022 |a 1336-636X 
040 |a SNK  |b slo  |c SNK  |d SVKBB  |e AACR2 
041 0 |a slo 
044 |a xo  |c SK 
072 7 |a 79  |x Rekreácia. Voľný čas. Zábavy. Hry. Šport  |2 konspekt 
080 |a 793.7  |2 2011 
080 |a 050  |2 2011 
080 |a 379.8(051)  |2 2011 
080 |a 79  |2 2011 
210 0 |a Osemsmer. šarkan 
222 0 |a Osemsmerovky šarkan 
245 0 0 |a Šarkan Najlepšie osemsmerovky a iné maškrty 
246 1 3 |a Šarkan Najlepšie osemsmerovky 
246 3 2 |a Šarkan osemsmerovky 
246 1 3 |a Najlepšie osemsmerovky 
260 |a Martin  |b Parla  |c 1999-2011, 9/2015-2022 
300 |a 19 zv.  |c 21 cm 
310 |a 1x mesačne  |b 2000-2011, 2015- 
321 |a 6x ročne  |b 1999 
362 0 |a Roč. 1 (1999)-č. 5 (máj 2011) ; č. [9] (2015)-č. 7/8 (2016) ; roč. 17, č. 12 (2016)-roč. 23, č. 4 (apr. 2022) 
500 |a Názov v tiráži: Šarkan osemsmerovky 
500 |a Registračné č.: EV 3445/09 
650 0 7 |a voľný čas  |2 SNKPH  |9 3355 
650 0 7 |a krížovky  |2 SNKPH  |9 3313 
655 7 |a časopisy pre voľný čas  |2 SNKPH  |9 70337 
910 |a snk 
910 |a svkbb 
999 |c 4407  |d 6337 
952 |0 0  |1 0  |4 0  |7 0  |8 0  |a SNK  |b SNK  |d 2024-02-06  |i snk2024/2006  |l 0  |o snkČSD 2400/22/2021  |p 17A1522607  |r 2026-02-21 19:47:42  |t č. 1-12  |w 2026-02-21  |y PREZ 
952 |0 0  |1 0  |4 0  |7 0  |8 0  |a SNK  |b SNK  |d 2024-02-06  |i snk2024/2008  |l 0  |o snkČSD 2400/23/2022  |p 17A1522608  |r 2026-02-21 19:47:42  |t č. 1-4  |w 2026-02-21  |y PREZ  |z Č. 1/2022 má na titulnej strane chybne uvedený ročník XXII. 
952 |0 0  |1 0  |4 0  |7 0  |8 0  |a SNK  |b SNK  |d 2010-11-11  |i snk2010/24873  |l 0  |o snkČSD 2400/1/1999  |p 17A0534350  |r 2026-02-21 19:55:52  |t č. 1-6  |w 2026-02-21  |y PREZ 
952 |0 0  |1 0  |4 0  |7 0  |8 0  |a SNK  |b SNK  |d 2010-11-11  |i snk2010/24874  |l 0  |o snkČSD 2400/1/1999 D1  |p 17A0534351  |r 2026-02-21 19:55:52  |t č. 1-6  |w 2026-02-21  |y PREZ 
952 |0 0  |1 0  |4 0  |7 0  |8 0  |a SNK  |b SNK  |d 2010-11-11  |i snk2010/24877  |l 0  |o snkČSD 2400/2/2000  |p 17A0534352  |r 2026-02-21 19:55:53  |t č. 1-12  |w 2026-02-21  |y PREZ 
952 |0 0  |1 0  |4 0  |7 0  |8 0  |a SNK  |b SNK  |d 2010-11-11  |i snk2010/24911  |l 0  |o snkČSD 2400/2/2000 D1  |p 17A0534353  |r 2026-02-21 19:55:53  |t č. 1-12  |w 2026-02-21  |y PREZ 
952 |0 0  |1 0  |4 0  |7 0  |8 0  |a SNK  |b SNK  |d 2010-11-11  |i snk2010/24915  |l 0  |o snkČSD 2400/3/2001  |p 17A0534354  |r 2026-02-21 19:55:53  |t č. 1-12, neúplné  |w 2026-02-21  |y PREZ  |z Chýba č. 2,6-8,11. 
952 |0 0  |1 0  |4 0  |7 0  |8 0  |a SNK  |b SNK  |d 2010-11-11  |i snk2010/24916  |l 0  |o snkČSD 2400/3/2001 D1  |p 17A0534355  |r 2026-02-21 19:55:53  |t č. 1-12, neúplné  |w 2026-02-21  |y PREZ  |z Chýba č. 2,6-8,11. 
952 |0 0  |1 0  |4 0  |7 0  |8 0  |a SNK  |b SNK  |d 2010-11-11  |i snk2010/24918  |l 0  |o snkČSD 2400/5/2003  |p 17A0534358  |r 2026-02-21 19:55:53  |t č. 1-12, neúplné  |w 2026-02-21  |y PREZ  |z Chýba č. 1-5,7-12. 
952 |0 0  |1 0  |4 0  |7 0  |8 0  |a SNK  |b SNK  |d 2010-11-11  |i snk2010/24919  |l 0  |o snkČSD 2400/5/2003 D1  |p 17A0534359  |r 2026-02-21 19:55:53  |t č. 1-12, neúplné  |w 2026-02-21  |y PREZ  |z Chýba č. 1-5,7-12. 
952 |0 0  |1 0  |4 0  |7 0  |8 0  |a SNK  |b SNK  |d 2021-06-02  |i snk2021/6218  |l 0  |o snkČSD 2400/21/2020  |p 17A1433887  |r 2026-02-21 21:29:08  |t č. 1-11, neúplné  |w 2026-02-21  |y PREZ  |z Chýba č. 4 
952 |0 0  |1 0  |4 0  |7 0  |8 0  |a SNK  |b SNK  |d 2016-12-28  |i snk2016/29148  |l 0  |o snkČSD 2400/2005  |p 17A1148086  |r 2026-02-21 21:47:49  |t č. 1-12, neúplné  |w 2026-02-21  |y PREZ  |z Chýba č. 1 
952 |0 0  |1 0  |4 0  |7 0  |8 0  |a SNK  |b SNK  |d 2016-12-28  |i snk2016/29149  |l 0  |o snkČSD 2400/2006  |p 17A1148087  |r 2026-02-21 21:47:49  |t č. 1-12, neúplné  |w 2026-02-21  |y PREZ  |z Chýba č. 2, 6, 10 
952 |0 0  |1 0  |4 0  |7 0  |8 0  |a SNK  |b SNK  |d 2016-12-28  |i snk2016/29150  |l 0  |o snkČSD 2400/2007  |p 17A1148088  |r 2026-02-21 21:47:49  |t č. 1-12, neúplné  |w 2026-02-21  |y PREZ  |z Chýba č. 1 
952 |0 0  |1 0  |4 0  |7 0  |8 0  |a SNK  |b SNK  |d 2016-12-28  |i snk2016/29151  |l 0  |o snkČSD 2400/2008  |p 17A1148089  |r 2026-02-21 21:47:50  |t č. 1-12, neúplné  |w 2026-02-21  |y PREZ  |z Chýba č. 12 
952 |0 0  |1 0  |4 0  |7 0  |8 0  |a SNK  |b SNK  |d 2016-12-28  |i snk2016/29152  |l 0  |o snkČSD 2400/2009  |p 17A1148090  |r 2026-02-21 21:47:50  |t č. 1-12  |w 2026-02-21  |y PREZ 
952 |0 0  |1 0  |4 0  |7 0  |8 0  |a SNK  |b SNK  |d 2016-12-28  |i snk2016/29153  |l 0  |o snkČSD 2400/2010  |p 17A1148091  |r 2026-02-21 21:47:50  |t č. 1-12  |w 2026-02-21  |y PREZ 
952 |0 0  |1 0  |4 0  |7 0  |8 0  |a SNK  |b SNK  |d 2016-12-28  |i snk2016/29154  |l 0  |o snkČSD 2400/2011  |p 17A1148092  |r 2026-02-21 21:47:50  |t č. 1-5  |w 2026-02-21  |y PREZ 
952 |0 0  |1 0  |4 0  |7 0  |8 0  |a SNK  |b SNK  |d 2020-06-15  |i snk2020/10455  |l 0  |o snkČSD 2400/20/2019  |p 17A1430455  |r 2026-02-21 22:01:26  |t č. 1-12  |w 2026-02-21  |y PREZ 
952 |0 0  |1 0  |4 0  |7 0  |8 0  |a SNK  |b SNK  |d 2019-06-14  |i snk2019/16480  |l 0  |o snkČSD 2400/19/2018  |p 17A1368839  |r 2026-02-21 22:14:18  |t č. 1-12  |w 2026-02-21  |y PREZ 
952 |0 0  |1 0  |4 0  |7 0  |8 0  |a SNK  |b SNK  |d 2018-07-31  |i snk2018/16242  |l 0  |o snkČSD 2400/2015  |p 17A1327753  |r 2026-02-21 22:20:01  |t č. 9-12  |w 2026-02-21  |y PREZ 
952 |0 0  |1 0  |4 0  |7 0  |8 0  |a SNK  |b SNK  |d 2018-07-31  |i snk2018/16243  |l 0  |o snkČSD 2400/2016  |p 17A1327758  |r 2026-02-21 22:20:01  |t č. 1-12, neúplné  |w 2026-02-21  |y PREZ  |z Chýba č. 9-11 ; V č. 12 je uvedený ročník 17. 
952 |0 0  |1 0  |4 0  |7 0  |8 0  |a SNK  |b SNK  |d 2018-07-31  |i snk2018/16251  |l 0  |o snkČSD 2400/18/2017  |p 17A1327759  |r 2026-02-21 22:20:01  |t č. 1-12  |w 2026-02-21  |y PREZ